000
00211 a2200097 4500
001
37327
100
_a
Conrad Joseph
245
_a
Lord Jim; A Tale
260
_a
Delhi
_b
Surjeet Pubs
_c
090
_c
23798
_d
23798
942
_a
NUST-CAE
_c
M
_c
15333
999
_c
272400
_d
272400